000 00323nam a22001217a 4500
008 230621b xxu||||| |||| 00| 0 eng d
082 _a328.30
_bIPC
100 _cInter Parliamentary Union
245 _a97th Inter-Parliamentary Conference
_bSummary Record
260 _aGeneva
_bIPU
_c1997
300 _a231p
942 _2ddc
_cBK
999 _c2089
_d2089